| 000 | 00362cam a22001097a 4500 | ||
|---|---|---|---|
| 008 | 180718b1958 xxu||||| |||| 00| 0 eng d | ||
| 082 | _aU6x54 C | ||
| 245 |
_aClassified list of public undertakings and other bodies in India _cby Lok Sabha Secretariat |
||
| 260 |
_aNew Delhi _bLok Sabha Secretariat _c1958 |
||
| 300 | _a116p. | ||
| 700 | _aIndia. Lok Sabha Secretariat | ||
| 999 |
_c358097 _d358097 |
||